| 000 | 03516nam a2200421 a 4500 | ||
|---|---|---|---|
| 001 | dia_2632 | ||
| 003 | CHAP | ||
| 005 | 20250625132024.0 | ||
| 007 | ta | ||
| 008 | 220117s2002 mx ado fr 001 0 spa d | ||
| 010 | _a173150 | ||
| 020 | _a970-24-0327-8 | ||
| 040 |
_cCHAP _amxchpua _erda |
||
| 041 |
_aspa _bspa _fspa _heng |
||
| 050 | 1 |
_aTA357 _b.C76 2002 |
|
| 082 |
_220 _a620.106 _bC76 2002 |
||
| 100 | 1 |
_aCrowe, Clayton T. _9153276 |
|
| 240 | 1 | 0 |
_aEngineering fluid mechanics. _lEspañol |
| 245 | 1 | 0 |
_aMecánica de fluidos / _cClayton T. Crowe, Donald F. Elger y John A. Roberson ; traductor Jorge H. Romo |
| 250 | _a1a edición | ||
| 264 |
_aMéxico : _bContinental, _c2002 |
||
| 300 |
_axi, 711 páginas : _bilustraciones, gráficas, diagramas, tablas, fotos |
||
| 336 |
_2rdacontent _atexto _btxt |
||
| 337 |
_2rdamedia _ano mediado _bn |
||
| 338 |
_2rdacarrier _avolumen _bnc |
||
| 504 | _aIncluye bibliografías | ||
| 505 | 0 | _aPrefacio -- 1. Introducción -- 2. Propiedades de los fluidos -- 3. Estática de los fluidos -- 4. Fluidos en movimiento -- 5. Variación de presión en fluidos en movimiento -- 6. Principio de la cantidad de movimiento -- 7. Principio de energía -- 8. Análisis dimensional y similitud -- 9. Resistencia de la superficie -- 10. Flujo de conductos -- 11. Arrastre y sustentación -- 12. Flujo comprensible -- 13. Mediciones de flujo -- 14. Turbomaquinaria -- 15.Flujo variado en canales abiertos -- Apéndice -- Respuestas -- Índice | |
| 520 | 2 | _aPensamos que la mayoría de los estudiantes que ingresan al primer curso de mecánica de fluidos tienen una mayor intuición y confianza sobre la mecánica de sólidos que sobre la mecánica de fluidos. Por lo tanto, es necesario ayudarlos de manera decidida a obtener esa "primera impresión" de patrones de flujo, variación de presión y esfuerzo cortante en flujo de fluidos. Hemos tratado de presentar estos conceptos en una forma clara y elemental, para que los estudiantes desarrollen confianza en el tema y puedan continuar con temas más complejos con relativa facilidad. Hemos llevado a cabo esto dentro del texto de la siguiente manera: " Se ha hecho uso abundante de fotografías y dibujos en las descripciones de los fenómenos de flujo de fluidos, así como en los enunciados de los problemas. Este método visual está pensado para complementar las descripciones matemáticas de los conceptos básicos. " Se han incluido casi todos los pasos de la deducción de ecuaciones. junto con descripciones verbales completas para ayudar al estudiante a dar seguimiento a la deducción. Hemos tratado de ser especialmente claros en las deducciones que comprenden ecuaciones básicas de volúmenes de control, la ecuación de continuidad, la ecuación de energía y la ecuación de cantidad de movimiento. " Se ha incluido una amplia variedad de problemas. Algunos de ellos se con centran en ideas conceptuales con un mínimo de análisis; estos problemas ayudan a *encauzar" al estudiante en la dirección correcta respecto a conceptos y principios básicos. Se han incluido numerosos problemas de ejemplo. | |
| 650 | 1 | 3 |
_aMecánica de fluidos _973821 _2atg |
| 650 | 1 | 3 |
_aFluid mechanics _9153277 _2atg |
| 700 | 1 |
_aElger, Donald F. _9153278 _eautor |
|
| 700 | 1 |
_aRoberson, John A. _997895 _eautor |
|
| 700 | 1 |
_aRomo, Jorge H. _9153280 _etraductor |
|
| 901 | _a620.106 C76 2002 | ||
| 902 | _aM | ||
| 905 | _a5232272002 mx aimn8222223322spa16 | ||
| 942 |
_cLIBRO _2ddc |
||
| 999 |
_c173150 _d173150 |
||